01181nam a22001817a 4500999001700000020001800017082001800035100003800053245005800091260005700149300004400206520054100250546001200791650002400803650001500827942001200842952014500854 c39083d39083 a9788119139071 a709.54bCOO-I aCoomaraswamy, Ananda K. eauthor. aIntroduction to Indian Art:c Ananda K. Coomaraswamy  aNew Delhi :bMunshiram Manoharlal Publishers, c2023 a116p.bwhite black illustrations, Index aCoomaraswamy's Introduction to Indian Art traverses the historic panorama of Indian art, from its Indo-Sumerian and Vedic-Mound beginnings to the various peaks reached during the Maurya, Sunga, Andhra, Kusana and Gupta periods and beyond the seas to further India and Indonesia. It is a handbook of immense value both to the beginner and scholar alike. This present reprint, appearing after more than half a century, has been ably edited by Mrs. Coomaraswamy and incorporates new material earmarked for the book by Coomaraswamy himself. aEnglish aArtxHistoryzindia aIndian Art 2ddccBK 00104070aNASSDOCbNASSDOCd2024-03-21eRajasthani Granthagarg324.90l0o709.54 COO-Ip54085r2024-04-22 00:00:00v450.00w2024-03-18yBK